Southville International School and Colleges
Your cart is empty.
  • Cart
  • Lists
    Public lists Eva Luna New books Lux_list list_1
    Your lists Log in to create your own lists
  • Log in to your account
  • Your cookies
  • Search history
Southville International School and Colleges
  • Advanced search
  • Recent comments
  • Most popular
  • Libraries

Log in to your account

Log in with GOOGLE


If you do not have an external account, but do have a local account, you can still log in:

  1. Home
  2. MARC view: The blue book of grammar and punctuation :
Normal view MARC view ISBD view

The blue book of grammar and punctuation : (Record no. 283339)

[ view plain ]
MARC details
000 -LEADER
fixed length control field 00525nam a2200145Ia 4500
008 - FIXED-LENGTH DATA ELEMENTS--GENERAL INFORMATION
fixed length control field 150223s9999 xx 000 0 und d
020 ## - INTERNATIONAL STANDARD BOOK NUMBER
International Standard Book Number 9780470222683
050 ## - LIBRARY OF CONGRESS CALL NUMBER
Classification number PE 1105
Item number .St912 2008
100 ## - MAIN ENTRY--PERSONAL NAME
Personal name Strauss, Jane.
245 #4 - TITLE STATEMENT
Title The blue book of grammar and punctuation :
Remainder of title An easy-to-use guide with clear rules, real-world examples, and reproducible quizzes /
Statement of responsibility, etc Jane Strauss.
250 ## - EDITION STATEMENT
Edition statement 10th
260 ## - PUBLICATION, DISTRIBUTION, ETC. (IMPRINT)
Place of publication, distribution, etc San Francisco, California :
Name of publisher, distributor, etc Jossey-Bass,
Date of publication, distribution, etc 2008
300 ## - PHYSICAL DESCRIPTION
Extent 153 pages :
Dimensions 28 cm.
650 ## - SUBJECT ADDED ENTRY--TOPICAL TERM
Topical term or geographic name as entry element Language
General subdivision Grammar

No items available.

The blue book of grammar and punctuation :

APA

Strauss J., . (2008). The blue book of grammar and punctuation. San Francisco, California: Jossey-Bass.

Chicago

Strauss Jane, . 2008. The blue book of grammar and punctuation. San Francisco, California: Jossey-Bass.

Harvard

Strauss J., . (2008). The blue book of grammar and punctuation. San Francisco, California: Jossey-Bass.

MLA

Strauss Jane, . The blue book of grammar and punctuation. San Francisco, California: Jossey-Bass. 2008.

  • Print
  • Cite
  • Add to your cart (remove)
  • Save record
    BIBTEX Dublin Core MARCXML MARC (non-Unicode/MARC-8) MARC (Unicode/UTF-8) MARC (Unicode/UTF-8, Standard) MODS (XML) RIS
  • More searches
    Search for this title in:
    Other Libraries (WorldCat) Other Databases (Google Scholar) Online Stores (Bookfinder.com) Open Library (openlibrary.org)

Exporting to Dublin Core...

SOUTHVILLE LIBRARY

Southville International School and Colleges Library

1281 Tropical Ave. Cor. Luxembourg St., BF Homes International, Las Pinas City

Tel. No. 8256374 / 252358 Loc. 117/146

Powered by Koha